01247nam a2200253 a 450000100060000000300080000600500170001400800410003103500190007204000370009104100080012808200270013610000300016324501470019326000630034030000250040350000550042850400500048350503320053365000170086565000230088270000520090571000360095714588BD-RjUL20211208235644.0140206s1971 n ab b 001 0 eng d a(BD-RjUL)14641 aDLCcDLCdUKMdEQOdBD-RjULbeng aeng a598.0954223bALH 19711 aAli, Sálim,d1896-1987.10aHandbook of the birds of India and Pakistan :btogether with those of Nepal, Sikkim, Bhutan and Ceylon /cby Sálim Ali and S. Dillon Ripley. aBombay ;aNew York :bOxford University Press,c1968-1971. av. :bill. ;c26 cm. a"Sponsored by the Bombay Natural History Society." aIncludes bibliographical reference and index.0 av. 1. Divers to hawks.--v. 2. Megapodes to crab plover.--v. 3. Stone curlews to owls.--v. 4. Frogmouths to pittas.--v. 5. Larks to the grey hypocolius.--v. 6. Cuckoo-shrikes to babaxes.--v. 7. Laughing thrushes to the mangrove whistler.--v. 8. Warblers to redstarts.--v. 9. Robins to wagtails.--v. 10. Flowerpeckers to butings. 0aBirdszIndia 0aBirdszSouth Asia.1 aRipley, S. Dillonq(Sidney Dillon),d1913-2001.2 aBombay Natural History Society.